| 000 | 00638nam a2200181Ia 4500 | ||
|---|---|---|---|
| 008 | 151202s9999||||xx |||||||||||||| ||und|| | ||
| 082 | _bPNVM-73759 | ||
| 100 | _aनिगुडकर चारुशीला. | ||
| 245 | _aवारसा चवींचा. | ||
| 260 | _b"नवचैतन्य प्रकाशन,बोरोवली." | ||
| 260 | _c73759 | ||
| 300 | _a476 | ||
| 600 | _aनिगुडकर चारुशीला. | ||
| 630 | _aवारसा चवींचा. | ||
| 700 | _aनिगुडकर चारुशीला. | ||
| 730 | _aवारसा चवींचा. | ||
| 942 | _cBOOK | ||
| 999 |
_c1340422 _d1340419 |
||